| 000 | 01979nam a2200433 i 4500 | ||
|---|---|---|---|
| 001 | DIGUCAUCA0134 | ||
| 003 | NyNyDIG | ||
| 006 | m o d | ||
| 007 | cr ||||||||||| | ||
| 008 | 231007s2023 ck a ob 001 0 spa d | ||
| 035 | _a(OCoLC)1402839208 | ||
| 040 |
_aDGITA _beng _erda _epn _cDGITA |
||
| 020 |
_a9789587325645 _qdigital |
||
| 020 |
_z9789587325638 _qimpreso |
||
| 043 | _as-ck--- | ||
| 050 | 1 | 4 | _aZ251.S75 ebook |
| 245 | 0 | 0 |
_aCuadernos tipográficos. _n2, _pPatrimonio gráfico y práctica de la tipografía en contextos latinoamericanos de diversidad cultural y lingüística / _cMarisol Orozco-Álvarez, Laura J. Sandoval Sarmiento, compiladoras. |
| 246 | 3 | 0 | _aPatrimonio gráfico y práctica de la tipografía en contextos latinoamericanos de diversidad cultural y lingüística |
| 250 | _aPrimera edición en español. | ||
| 264 | 1 |
_aPopayán, Colombia : _bEditorial Universidad del Cauca, _c2023. |
|
| 300 |
_a1 online resource : _billustrations. |
||
| 336 |
_atext _btxt _2rdacontent |
||
| 337 |
_acomputer file _bc _2rdamedia |
||
| 338 |
_aonline resource _bcr _2rdacarrier |
||
| 347 |
_atext file _2rdaft |
||
| 347 | _bPDF | ||
| 504 | _aIncludes bibliographical references and Index. | ||
| 588 | 0 | _aOnline resource; title from PDF title page (Digitalia, viewed October 7, 2023) | |
| 650 | 0 |
_aGraphic design (Typography) _xStudy and teaching _zColombia. |
|
| 650 | 0 |
_aPrinting _xStudy and teaching _zColombia. |
|
| 700 | 1 |
_aOrozco-Álvarez, Marisol, _eeditor. |
|
| 700 | 1 |
_aSandoval Sarmiento, Laura Judith, _eeditor. |
|
| 776 | 0 | 8 |
_iPrint version: _tCuadernos tipográficos. 2. _bPrimera edición en español. _dPopayán, Colombia : Editorial Universidad del Cauca, 2023 _z9789587325638 |
| 791 | 2 |
_aDigitalia (Firm), _edistributor. |
|
| 793 | 0 |
_gDigitalia eBook Collection: _aUniversidad del Cauca |
|
| 856 | 4 | 0 |
_3Digitalia Hispánica _uhttps://www.digitaliapublishing.com/a/129849/ |
| 910 | _aPremium collection: 2023 | ||
| 942 | _cRAA | ||
| 999 |
_c280577 _d280577 |
||